[Event "2nd Guotai Cup Belt Road 2019"]
[Site "Qinhuangdao"]
[Date "2019.04.24"]
[Round "7.4"]
[White "Yilmaz, Mustafa"]
[Black "Oleksiyenko, Mykhaylo"]
[Result "1/2-1/2"]
[WhiteElo "2631"]
[BlackElo "2598"]
[Annotator "TA"]
[PlyCount "192"]
[EventDate "2019.04.16"]
[EventType "swiss"]
[EventCountry "CHN"]
[SourceTitle "playchess.com"]
[Source "ChessBase"]
[SourceQuality "1"]

{[%evp 17,192,16,20,19,24,26,26,22,41,34,44,34,18,8,24,0,0,0,39,28,30,16,20,20,68,0,0,0,0,0,0,0,-1,-15,-12,-12,8,-48,-42,-40,-54,-39,-13,-21,-11,-11,-9,-16,0,-10,-6,-18,14,11,14,0,0,0,10,10,16,0,0,-10,-16,-26,-26,-43,-36,-81,-81,-81,-81,-81,-81,-84,-80,-80,-80,-80,-79,-81,-81,-90,-91,-93,-85,-85,-85,-85,-85,-85,-64,-64,-64,-85,-85,-85,-85,-85,-85,-85,-85,-85,-85,-85,-85,-85,-85,-85,-85,-85,-85,-85,-85,-92,-92,-92,-92,-92,-92,-92,-92,-92,-85,-85,-85,-85,-85,-85,-85,-85,-85,-85,-64,-85,-85,-85,-85,-85,-85,-85,-85,-85,-85,-85,-85,-85,-85,-85,-85,-85,-85,-85,-85,-85,-85,-85,-85,-85,-8,-85,-85,-85,-85,-85,-85,-85,-85,-85,-8,-85,0,0,0,-8,-8]} 1. d4 Nf6 2. c4 g6 3. Nc3 Bg7 4. e4 d6 5. Be2 O-O 6. Be3 c5 7. dxc5 Qa5 8. Bd2 Qxc5 9. Nf3 Bg4 10. Be3 {E74: King's Indian: Averbakh Variation: 6...c5} Qc7 (10... Qa5 11. O-O Nc6 12. a3 Rfc8 13. b4 Qd8 14. Qb3 Nd7 15. Rfd1 Nce5 16. Nxe5 Bxe2 17. Nxe2 Bxe5 18. Rac1 Qc7 19. Nf4 Bxf4 20. Bxf4 {1-0 (44) Can,E (2590)-Amin,B (2700) Dubai 2018}) 11. Rc1 $146 ({Predecessor:} 11. Nd2 Bxe2 12. Qxe2 Nc6 13. O-O Rfc8 14. Rac1 Qd7 15. f3 a6 16. Rfd1 Qe8 17. Nd5 Nd7 {0-1 (31) Midoux,S (2310)-Gerber,R (2378) Neuchatel 2005}) 11... Nc6 12. O-O {White has an edge.} Rfc8 13. b3 Qa5 14. Bd2 Qd8 15. Re1 a6 16. h3 Bxf3 $1 17. Bxf3 Rab8 18. Be2 Nd7 19. Bf1 Nc5 20. a3 Nd4 21. Rb1 ({Better is} 21. b4 $14 Ncb3 22. Be3) 21... b5 $11 22. cxb5 Nxb5 23. Nxb5 axb5 24. Qf3 Qd7 25. Rec1 Qe6 26. Re1 Bd4 27. Bb4 (27. b4 $11 Nd7 28. Qd3) 27... Qe5 $15 28. Rbd1 {[#] Strongly threatening Rxd4!} Ne6 29. Rd2 Bc5 30. Rd5 Qb2 31. Rd2 Qg7 32. Bxc5 dxc5 33. e5 Nd4 34. Qc3 Qh6 35. b4 Qg5 {White must now prevent ...Nf3+!} 36. Rd3 {[%cal Bd2d3,Bd3g3,Bg3g4][%mdl 32]} Ne6 37. Rg3 Qh4 38. Rg4 Qh5 39. bxc5 Rxc5 40. Qg3 Rd8 41. a4 bxa4 42. Rxa4 Rd1 43. Ra1 Rxa1 44. Rxa1 Qxe5 45. Qxe5 Rxe5 $17 {[%mdl 4096] Endgame KRB-KRN} 46. Bc4 Nf4 47. h4 Rc5 48. Ra4 e6 49. g3 Nh5 50. Be2 Nf6 51. Rc4 Rxc4 (51... Ra5 {is more complex.} 52. Rb4 h5 53. Bc4 Ng4 54. Be2 Ra1+) 52. Bxc4 {KB-KN} Kg7 53. Kg2 Nd5 54. Kf3 h6 55. Ke4 Nf6+ 56. Kf4 Kf8 57. Be2 Nd5+ 58. Ke5 Ke7 59. Bd3 Nf6 {...Ng4+ is the strong threat.} 60. Be2 Nd7+ 61. Kd4 Kd6 62. Ke3 Nf6 63. Bb5 Nd5+ 64. Kd4 e5+ 65. Kd3 f5 66. Be8 g5 67. hxg5 hxg5 68. Bf7 Nf6 69. Ke3 Ng4+ 70. Ke2 e4 71. Bg6 Ke5 72. Be8 Nh2 73. Bd7 Nf3 74. Bc8 Nd4+ 75. Ke3 Nb5 76. Bd7 f4+ 77. gxf4+ gxf4+ 78. Kd2 Nd6 79. Bc6 Kd4 80. Ke2 Nc4 81. Bb7 Nb6 82. Bc6 Nd5 83. Bb7 Nc3+ 84. Kd2 f3 85. Ke1 Na4 86. Bc6 Nc5 87. Kf1 Kc3 88. Ke1 Kc2 ({Black should play} 88... Nd3+ $17 89. Kf1 Kd4) 89. Bd5 (89. Ba8 $1 $11 {keeps the balance.}) 89... Kd3 90. Bc6 Nb3 91. Bb5+ Kc3 92. Bc6 Nc5 93. Bd5 Kc2 (93... Kd4 $17 94. Ba2 Nd3+ 95. Kf1 Ne5) 94. Bc6 {[#]} (94. Ba8 $1 $11) 94... Nd3+ (94... Kd3 $1 $17 95. Be8 Kd4) 95. Kf1 $11 Kd1 {With the idea ...Nc5.} ({Don't do} 95... Nc5 96. Kg1 $17) 96. Ba8 Nc5 {Accuracy: White = 52%, Black = 66%.} 1/2-1/2

[Event "2nd Guotai Cup Belt Road 2019"]
[Site "Qinhuangdao"]
[Date "2019.04.24"]
[Round "7.5"]
[White "Chen, Qi b"]
[Black "Lu, Shanglei"]
[Result "1/2-1/2"]
[WhiteElo "2424"]
[BlackElo "2625"]
[Annotator "TA"]
[PlyCount "30"]
[EventDate "2019.04.16"]
[EventType "swiss"]
[EventCountry "CHN"]
[SourceTitle "playchess.com"]
[Source "ChessBase"]
[SourceQuality "1"]

{[%evp 9,30,12,24,9,11,0,11,0,30,19,26,0,15,0,0,-41,0,0,0,-25,0,0,0]} 1. e4 c5 2. Nf3 e6 3. Nc3 a6 4. Be2 b5 (4... d6 5. d4 cxd4 6. Nxd4 Nf6 7. Be3 Qc7 8. Qd2 b5 9. f3 Nbd7 10. a3 h5 11. O-O Bb7 12. Rfd1 d5 13. exd5 Nxd5 14. Nxd5 Bxd5 15. Bf4 Bd6 16. Bxd6 Qxd6 {½-½ (29) Wei,Y (2740)-Ivanchuk,V (2732) Hoogeveen 2017}) 5. d4 cxd4 6. Qxd4 {B40: Sicilian: 2...e6, Unusual lines} Nc6 7. Qe3 Qc7 8. O-O Nf6 9. Rd1 $146 ({Predecessor:} 9. a3 Be7 10. Qf4 Bd6 11. Qg5 O-O 12. Rd1 {1-0 (27) McNeil,M-Lam,R ICCF email 2016}) 9... Ng4 10. Qg5 h5 11. h3 Be7 12. Qd2 (12. Bf4 $2 Qa5 $19) (12. Qf4 $5 {[%cal Rf4c7]} Nge5 13. Nxe5 Nxe5 14. Qg3 $11) 12... Bc5 ({Inferior is} 12... Nxf2 13. Kxf2 g5 14. Qe3 $18 (14. Nxg5 $2 Bc5+ 15. Kf1 Qh2 $19)) 13. Qg5 {[%mdl 64] [#] Double Attack} Be7 14. Qd2 (14. Bf4 $2 Qa5 $19) 14... Bc5 ({Don't blunder} 14... Nxf2 $2 15. Kxf2 g5 16. Qe3 $18 (16. Nxg5 $2 Bc5+ 17. Qe3 Bxe3+ $19)) 15. Qg5 {[%mdl 64] Double Attack} Be7 1/2-1/2

[Event "2nd Guotai Cup Belt Road 2019"]
[Site "Qinhuangdao"]
[Date "2019.04.24"]
[Round "7.6"]
[White "Can, Emre"]
[Black "Karthik Venkataraman"]
[Result "1-0"]
[WhiteElo "2599"]
[BlackElo "2505"]
[Annotator "TA"]
[PlyCount "69"]
[EventDate "2019.04.16"]
[EventType "swiss"]
[EventCountry "CHN"]
[SourceTitle "playchess.com"]
[Source "ChessBase"]
[SourceQuality "1"]

{[%evp 18,69,61,40,58,0,22,15,15,-20,22,8,30,47,75,67,69,77,136,131,216,220,205,211,193,167,168,140,162,146,213,205,288,302,295,288,333,336,471,461,431,436,562,550,558,547,530,547,551,564,568,544,583,504]} 1. Nf3 c5 2. c4 g6 3. d4 cxd4 4. Nxd4 Nc6 5. e4 Bg7 6. Be3 Nf6 7. Nc3 O-O 8. Be2 d6 9. O-O Bd7 10. Nc2 Be6 {B38: Sicilian: Maroczy Bind with 5...Bg7 and 7...0-0} 11. f3 ({White should try} 11. f4 $14) (11. Rc1 Nd7 12. Qd2 a5 13. f3 a4 14. Na3 Qa5 15. f4 Nc5 16. Bf3 Nb4 17. Be2 Nxa2 18. Nxa2 Qxd2 19. Bxd2 {0-1 (66) So,W (2765)-Iturrizaga Bonelli,E (2637) chess.com INT 2019}) 11... Nd7 12. Qd2 Qa5 {The position is equal.} 13. Rab1 Rfc8 14. b4 {[%cal Bb2b4,Bb4b5][%mdl 32]} Qd8 15. f4 Nf6 $146 ({Predecessor:} 15... f5 16. exf5 gxf5 17. Nd5 Nf6 18. Bf3 Bf7 19. Rbc1 {½-½ (48) Macedo,M (2314)-Bezerra,F (2039) Recife 2015}) 16. Kh1 $36 {[%mdl 2048] White has the initiative.} a5 17. b5 Nb8 ({Black should play} 17... Nb4) 18. Na3 $16 Nbd7 (18... Ng4 $16) 19. f5 $18 Nxe4 20. Nxe4 Bxf5 21. Bf3 Ne5 22. Rbc1 Qd7 23. Bd4 d5 (23... Nxf3 $16 24. gxf3 Bxe4 25. fxe4 Qe6) 24. Bxe5 Bxe5 {[#]} (24... dxe4 $142 25. Qxd7 Bxd7) 25. Ng3 $1 (25. Qxd5 Qxd5 26. cxd5 Rxc1 $17) (25. cxd5 Bxe4 26. Bxe4 Qg4 $16) 25... Bxg3 26. hxg3 Qd6 27. g4 ({Weaker is} 27. Bxd5 Qxa3 28. g4 (28. Bxb7 Rd8 $16) 28... Be6 $16) 27... Qxa3 (27... Be4 $142 28. Qe3 (28. cxd5 Rxc1 29. Qxc1 Bxf3 $16) 28... b6 29. Bxe4 dxe4) 28. gxf5 {White is clearly winning.} Rxc4 29. fxg6 Rh4+ 30. Kg1 hxg6 31. Bxd5 {[%mdl 64] Double Attack} e6 {[#] aiming for ...Qd6.} 32. Qf2 $1 Rh7 {Strongly threatening ...Qd6.} 33. Bxb7 Rb8 34. Bc6 Qf8 35. Rc3 {Accuracy: White = 76%, Black = 28%.} 1-0

[Event "2nd Guotai Cup Belt Road 2019"]
[Site "Qinhuangdao"]
[Date "2019.04.24"]
[Round "7.7"]
[White "Fang, Yuxiang"]
[Black "Xu, Yinglun"]
[Result "0-1"]
[WhiteElo "2472"]
[BlackElo "2532"]
[Annotator "ChessBase"]
[PlyCount "96"]
[EventDate "2019.04.16"]
[EventType "swiss"]
[EventCountry "CHN"]
[SourceTitle "playchess.com"]
[Source "ChessBase"]
[SourceQuality "1"]
[TimeControl "5400+30"]

1. d4 {[%emt 0:00:00]} d5 {[%emt 0:02:32]} 2. Nf3 {[%emt 0:03:25]} Nf6 {[%emt 0:00:29]} 3. c4 {[%emt 0:01:18]} e6 {[%emt 0:00:27]} 4. Nc3 {[%emt 0:00:41]} dxc4 {[%emt 0:00:25]} 5. e3 {[%emt 0:01:35]} a6 {[%emt 0:00:35]} 6. a4 {[%emt 0:01:30]} c5 {[%emt 0:01:15]} 7. Bxc4 {[%emt 0:01:30]} Nc6 {[%emt 0:00:35]} 8. O-O {[%emt 0:01:33]} Be7 {[%emt 0:00:21]} 9. Qe2 {[%emt 0:01:26]} O-O {[%emt 0:00:52]} 10. dxc5 {[%emt 0:08:37]} Bxc5 {[%emt 0:12:17]} 11. e4 {[%emt 0:03:26]} Ng4 {[%emt 0:04:21]} 12. e5 {[%emt 0:14:28]} Nd4 {[%emt 0:11:53]} 13. Nxd4 {[%emt 0:00:37]} Qxd4 {[%emt 0:00:04]} 14. Ne4 {[%emt 0:01:23]} Nxe5 {[%emt 0:09:22]} 15. Be3 {[%emt 0:03:32]} Qxe4 {[%emt 0:12:18]} 16. Bxc5 {[%emt 0:00:35]} Qxe2 {[%emt 0:00:06]} 17. Bxe2 {[%emt 0:00:05]} Rd8 {[%emt 0:00:08]} 18. f4 {[%emt 0:06:48]} Ng6 {[%emt 0:15:26]} 19. Rad1 {[%emt 0:08:38]} Rd5 {[%emt 0:00:38]} 20. f5 {[%emt 0:08:16]} Ne5 {[%emt 0:01:18]} 21. Bd6 {[%emt 0:02:50]} Rxd1 {[%emt 0:10:32]} 22. Rxd1 {[%emt 0:00:19]} Nc6 {[%emt 0:00:16]} 23. b4 {[%emt 0:09:28]} exf5 {[%emt 0:01:29]} 24. Bc7 {[%emt 0:01:13]} f6 {[%emt 0:08:50]} 25. Bc4+ {[%emt 0:04:04]} Kf8 {[%emt 0:00:05]} 26. b5 {[%emt 0:00:04]} axb5 {[%emt 0:00:03]} 27. axb5 {[%emt 0:00:01]} Ne5 {[%emt 0:00:39]} 28. Rd8+ {[%emt 0:04:14]} Ke7 {[%emt 0:00:04]} 29. Bd5 {[%emt 0:00:02]} Ng4 {[%emt 0:03:03]} 30. g3 {[%emt 0:06:16]} Ra1+ {[%emt 0:00:08]} 31. Kg2 {[%emt 0:00:01]} Ne3+ {[%emt 0:00:36]} 32. Kf3 {[%emt 0:00:50]} Nxd5 {[%emt 0:00:11]} 33. Rxd5 {[%emt 0:00:03]} Bd7 {[%emt 0:00:16]} 34. Rc5 {[%emt 0:00:13]} Ra3+ {[%emt 0:00:52]} 35. Kf2 {[%emt 0:00:08]} Ra2+ {[%emt 0:00:04]} 36. Kg1 {[%emt 0:00:01]} Rb2 {[%emt 0:00:29]} 37. b6 {[%emt 0:00:07]} Ke6 {[%emt 0:00:12]} 38. h4 {[%emt 0:00:13]} Bc6 {[%emt 0:00:17]} 39. Kf1 {[%emt 0:00:02]} Be4 {[%emt 0:00:35]} 40. Bd8 {[%emt 0:00:23]} Kd7 {[%emt 0:00:59]} 41. Bc7 {[%emt 0:00:04]} g5 {[%emt 0:01:01]} 42. Rc3 {[%emt 0:00:21]} h6 {[%emt 0:00:53]} 43. Re3 {[%emt 0:00:42]} Ke6 {[%emt 0:00:36]} 44. Rc3 {[%emt 0:00:02]} f4 {[%emt 0:01:27]} 45. gxf4 {[%emt 0:01:21]} gxh4 {[%emt 0:00:10]} 46. Kg1 {[%emt 0:00:25]} Kf5 {[%emt 0:00:32]} 47. Bd8 {[%emt 0:00:13]} Kg4 {[%emt 0:01:10]} 48. Bxf6 {[%emt 0:00:04]} h3 {[%emt 0:00:26]} 0-1

[Event "2nd Guotai Cup Belt Road 2019"]
[Site "Qinhuangdao"]
[Date "2019.04.24"]
[Round "7.8"]
[White "Huang, Renjie"]
[Black "Zou, Chen"]
[Result "0-1"]
[WhiteElo "2338"]
[BlackElo "2397"]
[Annotator "TA"]
[PlyCount "92"]
[EventDate "2019.04.16"]
[EventType "swiss"]
[EventCountry "CHN"]
[SourceTitle "playchess.com"]
[Source "ChessBase"]
[SourceQuality "1"]

{[%evp 13,92,0,8,0,0,0,0,0,0,0,4,0,0,-12,-10,-35,-23,-60,0,0,0,-4,22,22,22,19,31,6,14,29,19,5,21,7,10,12,7,-82,-80,-135,-106,-177,-67,-302,-306,-243,-273,-553,-551,-478,-545,-503,-255,-253,-261,-244,-221,-212,-222,-477,-466,-521,-512,-525,-509,-730,-727,-665,-643,-643,-643,-643,-635,-1377,-1350,-29976,-29977,-5069,-4133,-29980,-29981]} 1. e4 c5 2. Nf3 d6 3. d4 cxd4 4. Nxd4 Nf6 5. Nc3 a6 6. Bc4 e6 7. O-O Be7 8. Qf3 {B86: Sicilian Scheveningen/Najdorf: 6 Bc4, without early ...b5} (8. a3 O-O 9. Ba2 Nc6 10. Be3 Bd7 11. Qe2 Rc8 12. f4 Qc7 13. f5 Kh8 14. Kh1 Rce8 15. fxe6 Nxd4 16. Bxd4 fxe6 17. e5 dxe5 18. Bxe5 Bd6 19. Bxd6 Qxd6 {½-½ (64) Guerra Mendez,J (2531)-Bauer,C (2637) Barcelona 2019}) 8... Qc7 9. Bd3 O-O 10. Qg3 {The position is equal.} Nbd7 11. Bh6 {[%csl Gh6][%cal Rg3g7]} Ne8 $146 ({Predecessor:} 11... Nh5 12. Qg4 Ndf6 13. Qg5 e5 14. Be2 Nxe4 15. Bxh5 Bxg5 16. Nxe4 Bxh6 {0-1 (29) Garbere,D (769)-Bajorski,M (818) Willingen 2006}) 12. Be3 b5 {[%cal Bb7b5,Bb5b4][%mdl 32]} 13. a4 b4 14. Nce2 Nc5 15. Bd2 Rb8 (15... e5 $15 16. Nb3 Nxd3 17. Qxd3 a5) 16. Nb3 $11 Nxd3 17. cxd3 e5 18. Rfc1 Qd8 19. d4 Be6 20. d5 Bd7 21. Qd3 f5 22. exf5 Bxf5 23. Qxa6 Nf6 24. Ng3 Bg6 25. Qa5 (25. a5 $11 {keeps the balance.}) 25... Qe8 $17 {[%mdl 1024] Black has strong compensation.} 26. f3 ({White should play} 26. Qc7) 26... e4 {Strongly threatening ...Bd8.} 27. f4 {[#]} ({But not} 27. Bxb4 $2 Bd8 $19) (27. Qc7 $17) 27... Ng4 ({Don't take} 27... Bd8 28. Qa6 $17) ({Black should try} 27... e3 $1 $19 {[%cal Re3d2][%mdl 512]} 28. Bxe3 Bd8) 28. h3 $2 (28. Nd4 $15 Bd8 29. Qa6) 28... Bd8 $1 $19 29. Qa6 Bb6+ 30. Kh1 $2 (30. Qxb6 {was the only chance.} Rxb6 31. hxg4) 30... Nf2+ 31. Kh2 {[#]} e3 $1 32. Re1 {intending a5.} Bd3 33. Qxb6 Rxb6 {[%cal Bb8b6,Bb6a6,Ba6a8][%mdl 32]} 34. Bxe3 Ra6 35. Bxf2 {[#]} Qa8 $1 {[%cal Ra8d5]} 36. Bd4 $2 (36. Nd4 {was worth a try.}) 36... Qxd5 37. Re7 Rxf4 38. Rc1 Ra8 39. Rxg7+ Kf8 40. Rcc7 Qxb3 41. Be3 Rf6 42. Nh5 Rg6 43. Rge7 Re8 44. Rxh7 {[#]} Rxg2+ $1 {[%mdl 512]} 45. Kxg2 Qxb2+ 46. Kg1 Bxh7 {Accuracy: White = 28%, Black = 72%.} 0-1

[Event "2nd Guotai Cup Belt Road 2019"]
[Site "Qinhuangdao"]
[Date "2019.04.24"]
[Round "7.9"]
[White "Peng, Hongchi"]
[Black "Wu, Wenjin"]
[Result "0-1"]
[WhiteElo "2347"]
[BlackElo "2345"]
[Annotator "ChessBase"]
[PlyCount "92"]
[EventDate "2019.04.16"]
[EventType "swiss"]
[EventCountry "CHN"]
[SourceTitle "playchess.com"]
[Source "ChessBase"]
[SourceQuality "1"]
[TimeControl "5400+30"]

1. e4 {[%emt 0:00:00]} e5 {[%emt 0:00:50]} 2. Nf3 {[%emt 0:00:00]} Nc6 {[%emt 0:00:06]} 3. Bb5 {[%emt 0:00:00]} Nf6 {[%emt 0:00:41]} 4. d3 {[%emt 0:00:00]} d6 {[%emt 0:00:23]} 5. O-O {[%emt 0:00:14]} Bd7 {[%emt 0:00:27]} 6. c4 {[%emt 0:00:22]} g6 {[%emt 0:03:17]} 7. Nc3 {[%emt 0:00:34]} Bg7 {[%emt 0:00:37]} 8. Be3 {[%emt 0:03:33]} O-O {[%emt 0:01:06]} 9. h3 {[%emt 0:01:17]} Nh5 {[%emt 0:04:12]} 10. Bxc6 {[%emt 0:07:27]} bxc6 {[%emt 0:13:17]} 11. d4 {[%emt 0:02:03]} exd4 {[%emt 0:01:57]} 12. Bxd4 {[%emt 0:00:14]} Bh6 {[%emt 0:00:34]} 13. Re1 {[%emt 0:11:03]} Rb8 {[%emt 0:04:24]} 14. b3 {[%emt 0:00:51]} c5 {[%emt 0:00:18]} 15. Be3 {[%emt 0:00:20]} Bg7 {[%emt 0:00:03]} 16. e5 {[%emt 0:05:01]} Bc6 {[%emt 0:06:22]} 17. Nd5 {[%emt 0:03:40]} Bxd5 {[%emt 0:02:26]} 18. Qxd5 {[%emt 0:01:07]} dxe5 {[%emt 0:00:26]} 19. Qxc5 {[%emt 0:04:34]} Re8 {[%emt 0:13:56]} 20. Rad1 {[%emt 0:10:07]} Qc8 {[%emt 0:00:27]} 21. Qc6 {[%emt 0:13:49]} e4 {[%emt 0:03:54]} 22. Ng5 {[%emt 0:01:12]} Bc3 {[%emt 0:00:08]} 23. Nxf7 {[%emt 0:09:41]} Nf6 {[%emt 0:08:20]} 24. Ng5 {[%emt 0:13:16]} h6 {[%emt 0:05:29]} 25. Bxa7 {[%emt 0:00:02]} Qb7 {[%emt 0:02:08]} 26. Qc5 {[%emt 0:07:35]} Ra8 {[%emt 0:01:09]} 27. Re3 {[%emt 0:00:52]} Qxa7 {[%emt 0:08:43]} 28. Qc6 {[%emt 0:00:03]} Qb6 {[%emt 0:05:56]} 29. Qxb6 {[%emt 0:00:34]} cxb6 {[%emt 0:00:01]} 30. Rxc3 {[%emt 0:00:20]} hxg5 {[%emt 0:00:02]} 31. a4 {[%emt 0:03:37]} Kf7 {[%emt 0:00:35]} 32. c5 {[%emt 0:01:15]} Rac8 {[%emt 0:03:06]} 33. Rdc1 {[%emt 0:00:13]} Nd5 {[%emt 0:00:30]} 34. Rc4 {[%emt 0:00:07]} Nf4 {[%emt 0:01:08]} 35. Kh2 {[%emt 0:01:54]} Nd3 {[%emt 0:00:39]} 36. R1c3 {[%emt 0:00:07]} Rxc5 {[%emt 0:02:20]} 37. Kg3 {[%emt 0:00:11]} Rec8 {[%emt 0:01:26]} 38. f3 {[%emt 0:00:12]} Rxc4 {[%emt 0:00:07]} 39. bxc4 {[%emt 0:00:11]} Nc5 {[%emt 0:00:15]} 40. Ra3 {[%emt 0:00:04]} Ra8 {[%emt 0:00:25]} 41. fxe4 {[%emt 0:00:03]} Rxa4 {[%emt 0:00:07]} 42. Rxa4 {[%emt 0:02:44]} Nxa4 {[%emt 0:00:08]} 43. Kg4 {[%emt 0:00:01]} Nc5 {[%emt 0:01:02]} 44. e5 {[%emt 0:00:32]} Nd3 {[%emt 0:00:31]} 45. e6+ {[%emt 0:00:01]} Kf6 {[%emt 0:00:19]} 46. e7 {[%emt 0:00:10]} Ne5+ {[%emt 0:00:55]} 0-1

[Event "2nd Guotai Cup Belt Road 2019"]
[Site "Qinhuangdao"]
[Date "2019.04.24"]
[Round "7.10"]
[White "Peng, Xiongjian"]
[Black "Liu, Zexu"]
[Result "1-0"]
[WhiteElo "2459"]
[BlackElo "2098"]
[Annotator "TA"]
[PlyCount "69"]
[EventDate "2019.04.16"]
[EventType "swiss"]
[EventCountry "CHN"]
[SourceTitle "playchess.com"]
[Source "ChessBase"]
[SourceQuality "1"]

{[%evp 14,85,27,22,45,32,62,39,44,47,44,51,56,50,51,41,57,38,51,41,86,33,67,50,64,65,196,119,164,56,64,64,93,91,323,325,285,313,326,297,297,294,305,305,281,302,400,387,377,366,1389,1394,1678,1179,1157,1151,1142,1126,2439,2190,5297,2379,5365,5197,2294,1879,29977,29977,29983,29984,29986,29987,29987,29988]} 1. Nf3 Nf6 2. g3 g6 3. b3 Bg7 4. Bb2 d6 5. d4 O-O 6. Bg2 Nbd7 7. O-O c6 8. Nbd2 d5 {A49: 1 d4 Nf6 2 Nf3 g6 3 g3: Anti-King's Indian systems} (8... a5 9. a4 b6 10. e4 Qc7 11. Re1 Ne8 12. e5 dxe5 13. dxe5 Nc5 14. Nd4 Bb7 15. Nc4 Rd8 16. Qe2 {0-1 (48) Dreev,A (2652)-Onischuk,V (2601) Doha 2016}) 9. Re1 Nb6 $146 ({Predecessor:} 9... Ne4 10. Nxe4 dxe4 11. Ng5 e3 12. f4 c5 13. Nf3 Nf6 14. dxc5 Qa5 15. Bd4 Rd8 {1-0 (67) Bao,Q (2301)-Venkatesh,M (2444) St Petersburg 2016}) 10. e4 dxe4 {White is slightly better.} 11. Nxe4 Nxe4 12. Rxe4 Bf5 13. Re1 Re8 14. Qe2 Qc7 15. c4 a5 16. a4 Rad8 17. Rad1 ({White should try} 17. h3 $16) 17... Bf6 18. Ne5 h5 19. h3 Qc8 (19... Bxe5 $14 20. dxe5 Rxd1 21. Rxd1 Nd7) 20. Kh2 ({White should play} 20. g4 $18 hxg4 21. hxg4) 20... Nd7 21. f4 (21. g4 $1 $18 {[%cal Rg4f5]} hxg4 22. hxg4 Bxe5+ 23. dxe5) 21... Nxe5 $14 22. fxe5 Bg5 23. Rf1 Rf8 $2 {[#]} (23... Bh6 $16) 24. Rxf5 $1 $18 {[%mdl 512]} Qxf5 25. h4 $1 Bxh4 ({Not} 25... Bh6 $2 26. Bh3 $18) 26. gxh4 Qf4+ {[#]} 27. Kh3 $1 f6 28. e6 g5 {[%csl Gg5][%cal Rf4h4]} 29. Qxh5 Kg7 {Threatens to win with ...Rh8.} 30. Bc1 Qf5+ {[#]} 31. Qg4 $1 {[%cal Rg4f5]} Qc2 $2 (31... Qxg4+ 32. Kxg4 gxh4 33. Kxh4 Rh8+ 34. Kg4 Rh7) 32. Be4 {Threatening mate with Bxg5.} Qf2 33. Qh5 {[%csl Ge4][%cal Rh5h7]} Qxh4+ 34. Qxh4 gxh4 35. Rg1+ {Played: Bc1-a3} 1-0

[Event "2nd Guotai Cup Belt Road 2019"]
[Site "Qinhuangdao"]
[Date "2019.04.24"]
[Round "8.1"]
[White "Idani, Pouya"]
[Black "Can, Emre"]
[Result "1-0"]
[WhiteElo "2590"]
[BlackElo "2599"]
[Annotator "TA"]
[PlyCount "129"]
[EventDate "2019.04.16"]
[EventType "swiss"]
[EventCountry "CHN"]
[SourceTitle "playchess.com"]
[Source "ChessBase"]
[SourceQuality "1"]

{[%evp 14,129,7,0,7,10,29,25,82,-21,-26,-20,-19,-20,0,0,0,0,16,29,37,19,38,0,0,-7,-11,12,32,22,20,20,41,21,41,21,21,21,18,14,16,16,23,23,37,26,28,10,14,13,14,24,19,0,38,29,66,66,60,27,17,17,27,26,42,8,8,8,8,8,0,0,8,8,9,8,1271,1137,1213,1412,2667,2667,2543,2314,2220,750,731,685,382,276,588,26,579,60,2220,1682,29971,29972,29972,29973,29976,29977,29977,29978,29978,29979,29981,29975,29983,29984,29984,29986,29986,29987,29987,29988,29989,29990]} 1. e4 c5 2. Nf3 d6 3. Bb5+ Nd7 4. d4 cxd4 5. Qxd4 a6 6. Bxd7+ Bxd7 7. O-O Nf6 8. Bg5 e6 {B51: Sicilian: Moscow Variation (3 Bb5+) without 3...Bd7} 9. Nbd2 (9. Rd1 Bc6 10. Nc3 Be7 11. Bh4 O-O 12. e5 dxe5 13. Nxe5 Qxd4 14. Rxd4 Rfc8 15. Rc1 Be8 16. Ng4 {½-½ (82) Grandelius,N (2647)-Wang,H (2711) Caleta 2018}) 9... Rc8 10. Rfd1 h6 (10... Bc6 $11) 11. Bh4 ({White should play} 11. Bxf6 $1 $16 gxf6 12. c4) 11... g5 $11 {[#] aiming for ...e5.} ({Reject} 11... Rxc2 $6 12. e5 $16) 12. Bg3 $1 e5 $1 {[%cal Re5d4]} 13. Qd3 Qc7 14. c4 Be7 $146 ({Predecessor:} 14... Nh5 15. Rac1 Nxg3 16. hxg3 {1-0 (39) Bobarykin,D (2197)-Sidorov,A (2188) Irkutsk 2015}) 15. b3 Qc6 16. Rac1 Be6 17. c5 Nd7 18. Qf1 {And now cxd6 would win.} dxc5 {Threatening ...f6.} 19. Nxe5 Nxe5 20. Bxe5 f6 21. Bb2 O-O 22. Qe2 b5 23. Nf1 {[%cal Bd2f1,Bf1g3,Bg3f5][%mdl 32]} Rfd8 24. Qh5 {Threatens to win with Qg6+.} Kh7 25. Ng3 Qe8 {With the idea ...Qxh5.} 26. Qf3 Rxd1+ 27. Rxd1 Rd8 28. Re1 Qf7 29. Nf5 $36 {[%mdl 2048] Black is under pressure.} Bf8 30. h4 c4 31. hxg5 Rd3 32. Re3 Rxe3 33. Qxe3 hxg5 34. bxc4 bxc4 35. Qh3+ Kg8 36. Nh6+ (36. Bc3 {looks sharper.} Bc5 37. Qf3 Bf8 38. g4 Bc8 39. Qd1) 36... Kg7 37. Nxf7 Bxh3 38. Nxg5 {[%mdl 4096] Endgame KBB-KBN} Bc8 39. Bc3 a5 $1 40. Nf3 Bb4 41. Bxb4 axb4 {KB-KN} 42. Nd4 f5 43. exf5 Kf6 44. g4 {Black must now prevent f4.} Ke5 $2 {[%mdl 8192]} (44... Bb7 $11) 45. Nc6+ $18 Kf4 46. Nxb4 Kxg4 {[#]} 47. f6 $1 Be6 48. Kf1 Kf5 49. Ke1 (49. Ke2 $142 Kxf6 50. a4) 49... Kxf6 50. Kd2 Ke5 51. Kc3 Ke4 $2 (51... Kd6 {is tougher.} 52. Kd4 Kc7) 52. Nc2 $2 (52. a4 $18) 52... Bc8 $2 {[%mdl 8192]} (52... Bd7 $11 {and Black has nothing to worry.}) 53. Nd4 $2 (53. a4 $18 Bd7 54. a5 (54. Kxc4 Bxa4 55. Ne1 Kf4 $11)) 53... Ba6 $2 {[%mdl 8192]} (53... Kd5 $14) 54. a4 {[%cal Ba2a4,Ba4a5,Ba5a6][%mdl 32]} Kf4 55. Nb5 {White mates.} Kf3 56. Kxc4 Kxf2 57. Kc5 Bb7 58. a5 Ke3 59. Kb6 Ba8 60. a6 Kf4 61. Nd6 Ke5 62. Nb7 Ke6 63. Ka7 Kd7 64. Kxa8 Kc7 65. Ka7 {Accuracy: White = 59%, Black = 38%.} 1-0